Herrn Bourgelat's ... Anweisung zur Kenntniss und Behandlung der Pferde /

Bibliographic Details
Main Author: Bourgelat, Claude, 1712-1779
Format: Book
Language:German
Published: Prag ; Leipzig : Joh. Jos. Dieshachischen Schriften, 1789-1790.
Subjects:

MARC

Tag First Indicator Second Indicator Subfields
LEADER 00000cam a22000005a 4500
001 in00001469921
005 20151021055016.0
008 990312m17891790cs 000 0 ger d
035 |a (OCoLC)40949835 
035 |9 AJF2553AM 
040 |a TXA  |c TXA  |d UtOrBLW 
041 1 |a ger  |h fre 
049 |a TXAM 
090 |a SF285.3  |b .B6815 
100 1 |a Bourgelat, Claude,  |d 1712-1779. 
245 1 0 |a Herrn Bourgelat's ... Anweisung zur Kenntniss und Behandlung der Pferde /  |c aus dem Französischen übersesst durch Johann Knobloch ... 
246 1 0 |a Anweisung zur Kenntniss und Behandlung der Pferde 
246 1 0 |a Pferdeartz 
246 1 |a Darmgicht der Pferde 
264 1 |a Prag ;  |a Leipzig :  |b Joh. Jos. Dieshachischen Schriften,  |c 1789-1790. 
300 |a 2 T. ;  |c 18 cm. 
336 |a text  |b txt  |2 rdacontent 
337 |a unmediated  |b n  |2 rdamedia 
338 |a volume  |b nc  |2 rdacarrier 
500 |a Cushing Dykes copy has both volumes bound with Der im Felde und auf der Reise geschwind heilende Pferdeartz (Wien, 1782) and Praktische Abhandlung von der Darmgicht der Pferde (Hildescheim, 1789) 
650 0 |a Horses  |v Early works to 1800. 
730 0 |a Praktische Abhandlung von der Darmgicht der Pferde. 
730 0 |a Im Felde und auf der Reise geschwind heilende Pferdeartzt. 
948 |a o:br 
999 |a MARS 
999 f f |s a3952467-0689-3a3f-9aca-c4ab210864f9  |i fefdab18-d883-3c39-84d3-d1980fb18bf0  |t 0 
952 f f |p noncirc  |a Texas A&M University  |b College Station  |c Cushing Memorial Library & Archives  |d Cushing: Dykes (Does not check out)  |t 0  |e SF285.3 .B6815  |h Library of Congress classification  |i unmediated -- volume  |m A14851930975 
998 f f |a SF285.3 .B6815  |s T.1-T.2  |t 0  |l Cushing: Dykes (Does not check out)